000 00547nam a2200229Ia 4500
003 0100
008 130307s9999 xx 000 0 und d
040 _cARRUPELIB
050 _aBX 2205.N413 1964
100 _aNeunheuser ,Burkhard
245 _aBaptism and confirmation
260 _aMontreal
260 _bPalm Publishers
260 _c1964
300 _ax
300 _b251p. 23cm.
650 _aBIBLE
650 _bHuman understanding
650 _cPhilosophy, British
700 _aHughes , John Jay (translator)
942 0 0 _01
999 _c95102
_d95102